000 00437nam a22001697a 4500
005 20250521160023.0
008 250521b |||||||| |||| 00| 0 eng d
020 _a0-618-11360-6
050 _aHD 31.G763 GRI
100 _aGRIFFIN RICKY W.
245 _aMANAGEMENT
250 _a7TH ED.
260 _aBOSTON
_bHOUGHTON MIFFLIN COMPANY
_c2002
300 _aXXXIV,765p.,ILLUS.,DIAGRAMS
500 _aAPPENDIX,INDEX
942 _2lcc
_cBK
_n0
999 _c5903
_d5903